[Event "Frankfurt Ch 2011"]
[Site "Ffm-Kalbach, LAZ"]
[Date "2011.06.06"]
[Round "6.27"]
[White "Marzahn, Heiko"]
[Black "Cors, Heinz-Friedrich"]
[Result "1-0"]
[WhiteElo "1984"]
[BlackElo "1945"]
[PlyCount "120"]
[EventDate "2011.??.??"]
[WhiteTeam "Sfr.Erbach"]
[BlackTeam "SV Schachforum Darmstadt 1994"]

1. e4 c6 2. d4 d5 3. f3 e6 4. Nc3 Nf6 5. e5 Nfd7 6. f4 c5 7. Nf3 a6 8. Be3 Nc6
9. Qd2 Qa5 10. Be2 cxd4 11. Nxd4 Nxd4 12. Bxd4 Bc5 13. O-O-O Qc7 14. Bxc5 Nxc5
15. Rhe1 Bd7 16. h4 Na4 17. Nxa4 Bxa4 18. Kb1 O-O-O 19. h5 Kb8 20. Rc1 Bc6 21.
Qb4 Ka8 22. h6 g6 23. g4 Rd7 24. Rg1 Rhd8 25. Qd4 Qa5 26. Rg3 Qa4 27. Qd2 g5
28. f5 exf5 29. Qxg5 f4 30. Rf3 Qe4 31. Rf2 Re8 32. Bd3 Rxe5 33. Qg7 Qd4 34.
Re2 Rde7 35. Rxe5 Qxe5 36. Qxe5 Rxe5 37. Bxh7 Re3 38. Bd3 Rh3 39. h7 f6 40. Rf1
Bb5 41. Bxb5 axb5 42. c3 Rxh7 43. Rxf4 Rh1+ 44. Kc2 Rh2+ 45. Kb3 Rg2 46. Rd4
Kb8 47. Rxd5 Rxg4 48. Rxb5 Kc7 49. Rf5 Rg6 50. c4 Kd6 51. Kc3 Ke6 52. Rf3 f5
53. b4 Ke5 54. Re3+ Kd6 55. c5+ Kd5 56. Re7 Rg3+ 57. Kd2 Ra3 58. Rxb7 Rxa2+ 59.
Ke3 Kc6 60. Rb6+ Kc7 1-0

[Event "Frankfurt Ch 2011"]
[Site "Ffm-Kalbach, LAZ"]
[Date "2011.06.06"]
[Round "6.28"]
[White "Cipca, Adrian"]
[Black "Richter, Tobias"]
[Result "1-0"]
[WhiteElo "1888"]
[BlackElo "2099"]
[PlyCount "105"]
[EventDate "2011.??.??"]
[WhiteTeam "SK Bad Homburg 1927"]
[BlackTeam "SV Merseburg e. V."]

1. c4 e5 2. Nc3 Nf6 3. g3 Bb4 4. Bg2 c6 5. a3 Bxc3 6. bxc3 O-O 7. Nf3 d6 8. O-O
Qa5 9. Qc2 Be6 10. d3 Nbd7 11. Be3 Nc5 12. Bxc5 Qxc5 13. Rab1 Rab8 14. Qa4 b5
15. cxb5 cxb5 16. Qa5 Rfc8 17. Ng5 Bg4 18. Rfe1 d5 19. h3 Bd7 20. Rec1 e4 21.
dxe4 d4 22. e5 Qxe5 23. Nf3 Qxe2 24. Nxd4 Qh5 25. g4 Qc5 26. Qb4 Qb6 27. g5 Nh5
28. Nf3 Bf5 29. Rb2 Qc7 30. Nd4 Qf4 31. Re1 Qxg5 32. Nxf5 Qxf5 33. Rbe2 g6 34.
Re5 Qf4 35. R5e4 Qd2 36. R4e2 Qxc3 37. Re8+ Kg7 38. Qxc3+ Rxc3 39. Rxb8 Rxa3
40. Rxb5 Nf4 41. Kh2 Ra2 42. Kg3 Nd3 43. Rf1 Ra3 44. Kh2 Kf6 45. Rbb1 Kg5 46.
Ra1 Rxa1 47. Rxa1 Nxf2 48. Kg3 Nd3 49. Rxa7 Ne5 50. Bd5 h5 51. Bxf7 Nc6 52. h4+
Kf5 53. Bxg6+ 1-0

[Event "Frankfurt Ch 2011"]
[Site "Ffm-Kalbach, LAZ"]
[Date "2011.06.06"]
[Round "6.29"]
[White "Engel, Berthold"]
[Black "Meiser, Nicolas"]
[Result "1-0"]
[WhiteElo "2210"]
[BlackElo "1725"]
[PlyCount "87"]
[EventDate "2011.??.??"]
[WhiteTeam "SC Brett vor'm Kopp Ffm"]
[BlackTeam "SV Lahn Limburg"]

1. c4 c6 2. b3 d5 3. Bb2 Nf6 4. Bxf6 exf6 5. cxd5 Qxd5 6. Nc3 Qd8 7. g3 Nd7 8.
Bg2 g6 9. Nf3 Bg7 10. O-O O-O 11. Rc1 Re8 12. d4 Nb6 13. Qd2 f5 14. e3 Be6 15.
Rfd1 Qe7 16. Ne1 Rad8 17. Nd3 Nd5 18. Na4 Bh6 19. Nf4 Nxf4 20. gxf4 Bf8 21. Qa5
a6 22. Nc5 Rb8 23. Nxb7 Rxb7 24. Bxc6 Qa3 25. Qxa3 Bxa3 26. Bxb7 Rb8 27. Bxa6
Bxc1 28. Rxc1 Ra8 29. Rc6 Bd7 30. Rb6 Kf8 31. a4 Ke7 32. Bb5 Bc8 33. Bc6 Ra7
34. d5 Kd6 35. Rb4 Ba6 36. Rd4 f6 37. f3 g5 38. fxg5 fxg5 39. b4 Bc8 40. Kf2
Ke5 41. d6 Bd7 42. Bxd7 Rxd7 43. a5 f4 44. a6 1-0

[Event "Frankfurt Ch 2011"]
[Site "Ffm-Kalbach, LAZ"]
[Date "2011.06.06"]
[Round "6.30"]
[White "Holzschuh, Gerald"]
[Black "Makilla, Tobias"]
[Result "1-0"]
[WhiteElo "2139"]
[BlackElo "1937"]
[PlyCount "60"]
[EventDate "2011.??.??"]
[WhiteTeam "SC Bad Nauheim"]
[BlackTeam "Sfr.1932 Kelkheim"]

1. e4 e5 2. Nf3 Nc6 3. Bc4 Bc5 4. c3 Nf6 5. d3 d6 6. b4 Bb6 7. a4 a6 8. O-O Be6
9. Nbd2 O-O 10. Qb3 Qe7 11. a5 Ba7 12. Re1 b5 13. axb6 Bxb6 14. Nf1 Rfb8 15.
Bxe6 fxe6 16. Qc4 Qe8 17. Be3 a5 18. Bxb6 Rxb6 19. bxa5 Nxa5 20. Qa4 Qc8 21. d4
exd4 22. cxd4 d5 23. N3d2 Rba6 24. Qc2 Nc6 25. Rxa6 Qxa6 26. e5 Nd7 27. Nb3 Qa4
28. Qc3 Qb4 29. Qxc6 Qxb3 30. Qxa8+ Nb8 1-0

[Event "Frankfurt Ch 2011"]
[Site "Ffm-Kalbach, LAZ"]
[Date "2011.06.06"]
[Round "6.31"]
[White "Czech, Ludwig"]
[Black "Gutacker, Stephan"]
[Result "1-0"]
[WhiteElo "2137"]
[BlackElo "1949"]
[PlyCount "120"]
[EventDate "2011.??.??"]
[WhiteTeam "VSG 1880 Offenbach"]
[BlackTeam "Sfr.1932 Kelkheim"]

1. c4 Nf6 2. g3 e6 3. Nf3 d5 4. Bg2 c6 5. b3 Bd6 6. Bb2 Nbd7 7. O-O O-O 8. d4
Re8 9. e3 e5 10. dxe5 Nxe5 11. Nxe5 Bxe5 12. Bxe5 Rxe5 13. cxd5 cxd5 14. Qd4
Re7 15. Nc3 Be6 16. Rac1 Rc7 17. Ne2 a6 18. Qb6 Rxc1 19. Qxd8+ Rxd8 20. Rxc1
Rc8 21. Rxc8+ Bxc8 22. Nc3 Be6 23. Kf1 Kf8 24. Ke2 Ke7 25. h3 Kd6 26. Kd3 Kc5
27. a3 a5 28. Na4+ Kd6 29. Nc3 Kc5 30. Na4+ Kd6 31. Kc3 Kc6 32. Nb2 b5 33. b4
a4 34. Kd4 Bf5 35. Nd1 Bc2 36. Nc3 Bb3 37. f4 Bc4 38. g4 h6 39. g5 hxg5 40.
fxg5 Ne4 41. Nxe4 dxe4 42. Bxe4+ Kd6 43. h4 g6 44. Bc2 Ke6 45. e4 Be2 46. Bd3
Bxd3 47. Kxd3 f5 48. Ke3 Ke5 49. exf5 Kxf5 50. Kf3 Ke5 51. Kg4 Kd4 52. h5 gxh5+
53. Kxh5 Kc3 54. g6 Kb3 55. g7 Kxa3 56. g8=Q Kxb4 57. Qa2 a3 58. Kg4 Ka4 59.
Kf4 b4 60. Ke3 b3 1-0

[Event "Frankfurt Ch 2011"]
[Site "Ffm-Kalbach, LAZ"]
[Date "2011.06.06"]
[Round "6.32"]
[White "Noblé, Alexander"]
[Black "Hilbenz, Guntram"]
[Result "0-1"]
[WhiteElo "2045"]
[BlackElo "1919"]
[PlyCount "137"]
[EventDate "2011.??.??"]
[WhiteTeam "SC Bad Nauheim"]
[BlackTeam "SC Bad Nauheim"]

1. f4 Nf6 2. Nf3 d6 3. e3 g6 4. d4 Bg7 5. Bd3 O-O 6. O-O c5 7. c3 Nc6 8. Qe2 e5
9. fxe5 dxe5 10. dxe5 Ng4 11. Nbd2 Ngxe5 12. Bc2 Be6 13. Rd1 Qe7 14. Bb3 Rad8
15. Nf1 c4 16. Bc2 Nxf3+ 17. gxf3 Rxd1 18. Bxd1 Rd8 19. e4 Ne5 20. Be3 b5 21.
Bc2 Nd3 22. Bxd3 Rxd3 23. Rd1 Rxd1 24. Qxd1 a6 25. Qd2 Qd7 26. Kf2 Qxd2+ 27.
Nxd2 Be5 28. f4 Bd6 29. Nf3 b4 30. Ke2 Bg4 31. cxb4 Bxb4 32. Bd4 f5 33. Ke3
Bxf3 34. Kxf3 Kf7 35. Bc3 Bc5 36. h3 fxe4+ 37. Kxe4 Ke6 38. Bd4 Be7 39. Be5 Bc5
40. Bc7 Bf2 41. Ba5 Bc5 42. b3 cxb3 43. axb3 Bf2 44. Bc3 Bb6 45. Bd2 Bc5 46.
Be1 Bb6 47. h4 h5 48. Bc3 Bf2 49. Kf3 Bxh4 50. Ke4 Bf6 51. Be1 h4 52. Bf2 h3
53. Bg3 Bh4 54. Bh2 Be1 55. Kf3 Kf5 56. Bg1 Bd2 57. Bh2 Be1 58. Ke2 Bb4 59. Kf3
Bd6 60. Bg3 h2 61. Bxh2 g5 62. Bg3 Bxf4 63. Bf2 g4+ 64. Kg2 Ke4 65. Be1 Kd3 66.
Kf1 Kc2 67. b4 Kd3 68. Bf2 Be3 69. Bg3 0-1

[Event "Frankfurt Ch 2011"]
[Site "Ffm-Kalbach, LAZ"]
[Date "2011.06.06"]
[Round "6.33"]
[White "Göbel, Andreas"]
[Black "Hillgärtner, Walter"]
[Result "1/2-1/2"]
[WhiteElo "2032"]
[BlackElo "1931"]
[PlyCount "71"]
[EventDate "2011.??.??"]
[WhiteTeam "SC Brett vor'm Kopp Ffm"]
[BlackTeam "SC Bad Nauheim"]

1. Nf3 Nf6 2. g3 b6 3. Bg2 Bb7 4. c4 c5 5. Nc3 e6 6. O-O Be7 7. e3 O-O 8. b3 d6
9. Bb2 Qd7 10. d4 cxd4 11. exd4 Nc6 12. Qe2 Rfe8 13. Rad1 Rad8 14. Rfe1 Qc8 15.
Ba1 Bf8 16. Qd2 Qa8 17. Ng5 Ne7 18. f3 Ng6 19. Nge4 Nxe4 20. fxe4 e5 21. Nd5
Bxd5 22. cxd5 exd4 23. Bxd4 Ne5 24. Rc1 Rc8 25. Rxc8 Qxc8 26. h3 g6 27. Bxe5
Rxe5 28. Rc1 Qd7 29. Qf4 Bg7 30. Rc6 h5 31. h4 Kh7 32. Kh2 Bh6 33. Qf6 Bf8 34.
Qf3 Bg7 35. Bh3 Qe7 36. Bg2 1/2-1/2

[Event "Frankfurt Ch 2011"]
[Site "Ffm-Kalbach, LAZ"]
[Date "2011.06.06"]
[Round "6.34"]
[White "Gräbner, Walter"]
[Black "Ostermeier, Thorsten"]
[Result "1/2-1/2"]
[WhiteElo "2053"]
[BlackElo "1936"]
[PlyCount "49"]
[EventDate "2011.??.??"]
[WhiteTeam "SC 1961 König Nied"]
[BlackTeam "Sfr. Frankfurt 1921"]

1. d4 d5 2. c4 e6 3. Nf3 Nf6 4. e3 c6 5. Nc3 Bd6 6. Be2 Nbd7 7. O-O dxc4 8.
Bxc4 O-O 9. Qe2 e5 10. dxe5 Nxe5 11. Nxe5 Bxe5 12. h3 Bxc3 13. bxc3 Bf5 14. Ba3
Re8 15. Rfd1 Qa5 16. Bb4 Qe5 17. Rac1 Rad8 18. Bd3 Bxd3 19. Rxd3 Rd5 20. c4
Rxd3 21. Qxd3 Qb2 22. Qb1 Qxb1 23. Rxb1 b5 24. cxb5 cxb5 25. Kf1 1/2-1/2

[Event "Frankfurt Ch 2011"]
[Site "Ffm-Kalbach, LAZ"]
[Date "2011.06.06"]
[Round "6.35"]
[White "Fröhlich-Dill, Astrid"]
[Black "Krzesinski, Paul"]
[Result "0-1"]
[WhiteElo "1919"]
[BlackElo "1832"]
[PlyCount "88"]
[EventDate "2011.??.??"]
[WhiteTeam "SV 1920 Hofheim"]
[BlackTeam "Frankfurter TV 1860"]

1. d4 d5 2. Nf3 c5 3. c3 cxd4 4. cxd4 e6 5. Nc3 Nc6 6. a3 Be7 7. Bf4 Nf6 8. e3
O-O 9. Bd3 Nh5 10. g4 Nxf4 11. exf4 Qd6 12. Qd2 Bd7 13. Nb5 Qb8 14. Ne5 Be8 15.
h4 a6 16. Nxc6 bxc6 17. Nc3 c5 18. dxc5 Bxc5 19. b4 Bd6 20. Ne2 a5 21. O-O axb4
22. axb4 Rxa1 23. Rxa1 Qxb4 24. Qc2 g6 25. Rb1 Qa4 26. Qd2 Bd7 27. Bc2 Qa2 28.
Qd3 Rc8 29. Bb3 Bb5 30. Bxa2 Bxd3 31. Rb2 Kg7 32. Kg2 Rb8 33. Rxb8 Bxb8 34. Nc1
Bc2 35. Kg3 h6 36. g5 hxg5 37. hxg5 f6 38. Kg4 Bd1+ 39. f3 Bc2 40. Ne2 Ba7 41.
Kg3 Be3 42. gxf6+ Kxf6 43. Kg4 Bf2 44. Nc3 Bf5# 0-1

[Event "Frankfurt Ch 2011"]
[Site "Ffm-Kalbach, LAZ"]
[Date "2011.06.06"]
[Round "6.36"]
[White "Kuhn, Luis"]
[Black "Willems, Matthias"]
[Result "1/2-1/2"]
[WhiteElo "1786"]
[BlackElo "2056"]
[PlyCount "44"]
[EventDate "2011.??.??"]
[WhiteTeam "SV 1929 Raunheim"]
[BlackTeam "SC Bad Nauheim"]

1. Nf3 d6 2. e4 Nf6 3. Nc3 e5 4. d4 Nbd7 5. Be2 Be7 6. O-O O-O 7. Re1 c6 8. Bg5
Re8 9. a4 exd4 10. Qxd4 Nc5 11. Bc4 Ng4 12. Bxe7 Qxe7 13. Rad1 Ne5 14. Be2
Nxf3+ 15. Bxf3 d5 16. Qd2 Nxe4 17. Nxe4 dxe4 18. Rxe4 Be6 19. Bg4 Rad8 20. Qe1
Rxd1 21. Qxd1 Rd8 22. Qe1 Qd6 1/2-1/2

[Event "Frankfurt Ch 2011"]
[Site "Ffm-Kalbach, LAZ"]
[Date "2011.06.06"]
[Round "6.37"]
[White "Hierling, Stefan"]
[Black "Frank, Andreas"]
[Result "1-0"]
[WhiteElo "2054"]
[BlackElo "1833"]
[PlyCount "93"]
[EventDate "2011.??.??"]
[WhiteTeam "VSG 1880 Offenbach"]
[BlackTeam "Biebertaler SF"]

1. e4 g6 2. d4 Bg7 3. Nf3 d6 4. h3 Nd7 5. Bd3 e5 6. c3 Ne7 7. O-O O-O 8. Be3 h6
9. Qc1 Kh7 10. dxe5 dxe5 11. Rd1 c6 12. Nh2 g5 13. Be2 Qc7 14. Qc2 Ng6 15. Bg4
b6 16. Nd2 Rd8 17. Nc4 Bf8 18. Bf5 Ba6 19. Qa4 Bb5 20. Qb3 Kg7 21. a4 Ba6 22.
Qa2 Nc5 23. Bxc5 Bxc5 24. b4 Be7 25. Ne3 Nf4 26. Bg4 Bd3 27. Nf5+ Kg6 28. g3
Ne6 29. Nxe7+ Qxe7 30. Bxe6 fxe6 31. Ng4 Bxe4 32. Nxe5+ Kf6 33. Re1 Kxe5 34.
Qc4 Kf6 35. Rxe4 Rd6 36. Rae1 Re8 37. Qe2 Qh7 38. c4 Qd7 39. Qh5 Kg7 40. h4 Qf7
41. Qe2 e5 42. hxg5 hxg5 43. Rxe5 Rxe5 44. Qxe5+ Qf6 45. Qe7+ Kg6 46. Qxa7 Qc3
47. Qe7 1-0

[Event "Frankfurt Ch 2011"]
[Site "Ffm-Kalbach, LAZ"]
[Date "2011.06.06"]
[Round "6.38"]
[White "Klein, Markus"]
[Black "Calvi, Stefan"]
[Result "1/2-1/2"]
[WhiteElo "1874"]
[BlackElo "1993"]
[PlyCount "112"]
[EventDate "2011.??.??"]
[WhiteTeam "SC 1979 Hattersheim"]
[BlackTeam "Sfr. Frankfurt 1921"]

1. d4 Nf6 2. c4 c5 3. d5 b5 4. cxb5 a6 5. bxa6 Bxa6 6. Nc3 d6 7. g3 g6 8. Bg2
Bg7 9. Nf3 O-O 10. O-O Nbd7 11. Rb1 Qa5 12. Bd2 Rfb8 13. b3 Ng4 14. Qc2 Nde5
15. h3 Nxf3+ 16. Bxf3 Ne5 17. Bg2 Bc8 18. f4 Nd7 19. a4 c4 20. b4 Rxb4 21. Rxb4
Qxb4 22. Rb1 Qa3 23. Kh2 Bxc3 24. Bxc3 Qxa4 25. Qe4 Kf8 26. Rb4 Qa7 27. Rxc4
Ba6 28. Bd4 Qb7 29. Rc2 Nf6 30. Qf3 Qb1 31. Rb2 Qd1 32. e3 Qxf3 33. Bxf3 Bc4
34. Bxf6 exf6 35. Rc2 Bd3 36. Rd2 Ra3 37. Kg2 f5 38. Kf2 Ke7 39. g4 h6 40. Bg2
Kf6 41. Bf3 Rc3 42. Be2 Be4 43. Bf3 Bd3 44. Be2 Bxe2 45. Kxe2 g5 46. Kf3 gxf4
47. Kxf4 Rc4+ 48. Kf3 Ke5 49. gxf5 Kxf5 50. Re2 Ke5 51. Rd2 f5 52. Rd1 Rc5 53.
Rd4 Kf6 54. Kf4 Rc1 55. Rd2 Rf1+ 56. Kg3 Rg1+ 1/2-1/2

[Event "Frankfurt Ch 2011"]
[Site "Ffm-Kalbach, LAZ"]
[Date "2011.06.06"]
[Round "6.39"]
[White "Koch, Thomas"]
[Black "Pauly, Markus"]
[Result "0-1"]
[WhiteElo "1938"]
[BlackElo "1924"]
[PlyCount "74"]
[EventDate "2011.??.??"]
[WhiteTeam "SV 1934 Ffm-Griesheim"]
[BlackTeam "Sfr.Erbach"]

1. e4 c5 2. Nc3 a6 3. g3 b5 4. Bg2 Bb7 5. d3 e6 6. f4 Nf6 7. Qe2 d5 8. exd5
Nxd5 9. Ne4 Nc6 10. Nf3 Be7 11. O-O O-O 12. c4 Nf6 13. Be3 Nd4 14. Bxd4 cxd4
15. Nfg5 Nxe4 16. Bxe4 Bxe4 17. Nxe4 bxc4 18. Rac1 cxd3 19. Qxd3 Qb6 20. Rf2
Rac8 21. Rfc2 Rxc2 22. Rxc2 Rd8 23. Kg2 Qb7 24. Kf2 Qd5 25. Rc7 f5 26. Nd2 Bb4
27. a3 Bxd2 28. Qxd2 Qh1 29. Qa5 Qxh2+ 30. Kf3 d3 31. Rxg7+ Kxg7 32. Qe5+ Kf7
33. Qc7+ Kg6 34. g4 Qe2+ 35. Kg3 Qxg4+ 36. Kh2 Qh4+ 37. Kg2 d2 0-1

[Event "Frankfurt Ch 2011"]
[Site "Ffm-Kalbach, LAZ"]
[Date "2011.06.06"]
[Round "6.40"]
[White "Biegel, Thomas"]
[Black "Genis, Roy"]
[Result "1-0"]
[WhiteElo "2028"]
[BlackElo "1935"]
[PlyCount "25"]
[EventDate "2011.??.??"]
[WhiteTeam "SC Steinbach"]
[BlackTeam "Sfr. Frankfurt 1921"]

1. Nf3 d5 2. g3 c5 3. Bg2 Nc6 4. d4 e6 5. O-O Nf6 6. c4 dxc4 7. Ne5 Nxd4 8. e3
Nb3 9. Qxd8+ Kxd8 10. axb3 Ke8 11. Nxc4 Be7 12. Nb6 Rb8 13. Rxa7 1-0

[Event "Frankfurt Ch 2011"]
[Site "Ffm-Kalbach, LAZ"]
[Date "2011.06.06"]
[Round "6.41"]
[White "Bittner, Peter"]
[Black "Seickel, Ralf"]
[Result "0-1"]
[WhiteElo "1956"]
[BlackElo "1898"]
[PlyCount "70"]
[EventDate "2011.??.??"]
[WhiteTeam "SC 1961 König Nied"]
[BlackTeam "vereinslos"]

1. c4 c5 2. Nc3 Nc6 3. g3 g6 4. Bg2 Bg7 5. a3 e5 6. e3 Nge7 7. Nge2 O-O 8. O-O
Rb8 9. Nd5 b5 10. cxb5 Rxb5 11. Nec3 Rb8 12. Qa4 Nxd5 13. Bxd5 Qb6 14. Qc2 d6
15. d3 Bh3 16. Bg2 Bxg2 17. Kxg2 f5 18. Rb1 g5 19. b3 Kh8 20. Nd5 Qb7 21. e4
fxe4 22. dxe4 Nd4 23. Qc4 g4 24. b4 Qf7 25. Qd3 Qh5 26. f4 gxf3+ 27. Kh1 Ne2
28. Rf2 Nxg3+ 29. Kg1 Ne2+ 30. Kh1 Qh4 31. Be3 Ng3+ 32. Kg1 Nxe4 33. Rc2 f2+
34. Bxf2 Nxf2 35. Qg3 Qe4 0-1

[Event "Frankfurt Ch 2011"]
[Site "Ffm-Kalbach, LAZ"]
[Date "2011.06.06"]
[Round "6.42"]
[White "Goldt, Rainer"]
[Black "Kraus, Eduard"]
[Result "1-0"]
[WhiteElo "1993"]
[BlackElo "1893"]
[PlyCount "57"]
[EventDate "2011.??.??"]
[WhiteTeam "Kreuznacher SV 1921 e.V."]
[BlackTeam "SV Bergwinkel"]

1. d4 d5 2. e4 c6 3. e5 c5 4. c3 Nc6 5. f4 e6 6. Nf3 Qb6 7. Be2 Bd7 8. O-O Be7
9. Na3 Nh6 10. Nc2 cxd4 11. cxd4 Nf5 12. g4 Nh4 13. Nxh4 Bxh4 14. Be3 Qxb2 15.
Qd2 Qb6 16. f5 Rc8 17. Bd3 Be7 18. Rab1 Qc7 19. Bg5 h6 20. Bf4 b6 21. fxe6 Bxe6
22. Bb5 Qd8 23. Ne3 O-O 24. Bxc6 Rxc6 25. Nf5 Bxf5 26. gxf5 Bg5 27. Qg2 Rc4 28.
f6 Bxf4 29. Qxg7# 1-0

[Event "Frankfurt Ch 2011"]
[Site "Ffm-Kalbach, LAZ"]
[Date "2011.06.06"]
[Round "6.43"]
[White "Dörr, Tarik"]
[Black "Midanka, Vladimir"]
[Result "1-0"]
[WhiteElo "1852"]
[BlackElo "1712"]
[PlyCount "141"]
[EventDate "2011.??.??"]
[WhiteTeam "SC Einrich"]
[BlackTeam "vereinslos"]

1. e4 d6 2. d4 Nf6 3. Nc3 g6 4. f4 Bg7 5. Nf3 O-O 6. Bd3 Re8 7. Bc4 Nxe4 8.
Bxf7+ Kxf7 9. Nxe4 Kg8 10. c3 e6 11. O-O Nd7 12. Bd2 Nf8 13. Qe1 Bd7 14. Qg3
Bc6 15. Rae1 Bxe4 16. Rxe4 c6 17. Rfe1 Qd7 18. h4 Qf7 19. Ng5 Qf5 20. Qf3 Re7
21. g4 Qf6 22. f5 Bh6 23. Kg2 Rae8 24. fxg6 Qxf3+ 25. Nxf3 Bxd2 26. gxh7+ Rxh7
27. Nxd2 Rxh4 28. Kg3 Rh6 29. Nf3 Kg7 30. g5 Rh7 31. Kg4 Kf7 32. Rf4+ Ke7 33.
Nh4 Rxh4+ 34. Kxh4 Ng6+ 35. Kg4 Nxf4 36. Kxf4 Rh8 37. Re2 Kf7 38. Kg4 Rh1 39.
Rf2+ Kg7 40. Rg2 Kg6 41. Re2 Rg1+ 42. Kf4 Rf1+ 43. Kg3 Kf7 44. Rh2 Rg1+ 45. Kf4
Rf1+ 46. Kg4 Rg1+ 47. Kh5 Kg7 48. a3 a6 49. Re2 Rh1+ 50. Kg4 Rg1+ 51. Kf4 Rf1+
52. Kg3 Kf7 53. Re3 Rg1+ 54. Kf4 Rf1+ 55. Rf3 Rxf3+ 56. Kxf3 Kg6 57. Kf4 a5 58.
c4 b5 59. c5 dxc5 60. dxc5 b4 61. axb4 axb4 62. Ke5 Kxg5 63. Kxe6 b3 64. Kd6
Kf4 65. Kxc6 Ke3 66. Kd5 Kd3 67. c6 Kc2 68. c7 Kxb2 69. c8=Q Kb1 70. Kc4 b2 71.
Kb3 1-0

[Event "Frankfurt Ch 2011"]
[Site "Ffm-Kalbach, LAZ"]
[Date "2011.06.06"]
[Round "6.44"]
[White "Syed, Tareq"]
[Black "Arnold, Michael"]
[Result "1-0"]
[WhiteElo "2112"]
[BlackElo "1846"]
[PlyCount "51"]
[EventDate "2011.??.??"]
[WhiteTeam "SC Brett vor'm Kopp Ffm"]
[BlackTeam "SK Langen"]

1. e4 e5 2. Nf3 d6 3. Nc3 Nf6 4. g3 Be7 5. Bg2 O-O 6. O-O Nc6 7. h3 h6 8. d4
exd4 9. Nxd4 Nxd4 10. Qxd4 Bd7 11. b3 Qc8 12. Kh2 Ne8 13. f4 Bc6 14. Bb2 Bf6
15. e5 Bxg2 16. Kxg2 Bd8 17. Ne4 dxe5 18. fxe5 Qe6 19. Ba3 Be7 20. Bxe7 Qxe7
21. Rad1 a6 22. Rfe1 f5 23. Nc5 b6 24. Qd5+ Kh8 25. Nd7 Rd8 26. Nxf8 1-0

[Event "Frankfurt Ch 2011"]
[Site "Ffm-Kalbach, LAZ"]
[Date "2011.06.06"]
[Round "6.45"]
[White "Bastian, Holger"]
[Black "Kolker, Vladislav"]
[Result "0-1"]
[WhiteElo "1689"]
[BlackElo "2104"]
[PlyCount "72"]
[EventDate "2011.??.??"]
[WhiteTeam "Aschaffenburg- Schweinheim e.V."]
[BlackTeam "Sfr.1891 Friedberg"]

1. e4 e5 2. Nf3 Nc6 3. Bb5 f5 4. Nc3 fxe4 5. Nxe4 d5 6. Nxe5 dxe4 7. Nxc6 Qd5
8. c4 Qd6 9. Qh5+ g6 10. Qe5+ Qxe5 11. Nxe5+ c6 12. Nxc6 a6 13. Nd4+ axb5 14.
Nxb5 Kf7 15. O-O Nf6 16. f3 Bc5+ 17. Kh1 exf3 18. Rxf3 Bg4 19. Rf1 Be2 20. Re1
Bxc4 21. d4 Bb4 22. Nc3 Bxc3 23. bxc3 Rxa2 24. Rxa2 Bxa2 25. Rf1 Bc4 26. Re1
Re8 27. Rxe8 Kxe8 28. g3 Kd7 29. Kg2 Bd5+ 30. Kf1 Ne4 31. Bb2 Ke6 32. g4 Kf6
33. Ke2 Kg5 34. Ke3 Nd6 35. Bc1 Kxg4 36. Kf2 Ne4+ 0-1

[Event "Frankfurt Ch 2011"]
[Site "Ffm-Kalbach, LAZ"]
[Date "2011.06.06"]
[Round "6.46"]
[White "Annen, Oliver"]
[Black "Kulenovic, Adnan"]
[Result "1/2-1/2"]
[WhiteElo "1559"]
[BlackElo "1799"]
[PlyCount "79"]
[EventDate "2011.??.??"]
[WhiteTeam "SK Bad Homburg 1927"]
[BlackTeam "SK Springer Rodenbach"]

1. c4 Nc6 2. Nc3 h6 3. d4 g5 4. e4 Bg7 5. Be3 d6 6. Be2 a6 7. h3 Bd7 8. g4 e6
9. Qd2 Qe7 10. O-O-O Nf6 11. Nf3 O-O-O 12. Qc2 Be8 13. Nd2 Nd7 14. Nb3 f6 15.
h4 Bg6 16. Qd2 Rhf8 17. f4 gxf4 18. Bxf4 Rh8 19. Be3 Rde8 20. Bd3 Nb4 21. Bb1
d5 22. c5 dxe4 23. Nxe4 Nxa2+ 24. Bxa2 Bxe4 25. Rh3 Nb8 26. Bb1 Bxb1 27. Kxb1
Qd7 28. Rg3 Nc6 29. Bg1 Qd5 30. Na5 Nxa5 31. Qxa5 e5 32. Bh2 Re7 33. Qc3 Rhe8
34. Rgg1 e4 35. Qe3 Kb8 36. Rgf1 Re6 37. Rf5 Qd7 38. d5 R6e7 39. Rd4 Ka8 40.
Bxc7 1/2-1/2

[Event "Frankfurt Ch 2011"]
[Site "Ffm-Kalbach, LAZ"]
[Date "2011.06.06"]
[Round "6.47"]
[White "Bock, Mario"]
[Black "Lebermann, Hellmuth"]
[Result "0-1"]
[WhiteElo "1551"]
[BlackElo "2016"]
[PlyCount "56"]
[EventDate "2011.??.??"]
[WhiteTeam "Sfr. Frankfurt 1921"]
[BlackTeam "SK Bad Homburg 1927"]

1. e4 e5 2. Nf3 d5 3. Nxe5 Bd6 4. d4 Qe7 5. Qe2 dxe4 6. Nc4 Nc6 7. Nxd6+ cxd6
8. Qc4 Nf6 9. Nc3 O-O 10. Bg5 Be6 11. d5 Ne5 12. Bxf6 gxf6 13. Qxe4 Bf5 14. Qe2
Bxc2 15. Kd2 Bd3 16. Qe1 Bxf1 17. Rxf1 Rfe8 18. f4 Nc4+ 19. Kc2 Ne3+ 20. Kd2
Nxf1+ 21. Qxf1 Qe3+ 22. Kc2 Rac8 23. Rd1 a6 24. Rd3 Qe2+ 25. Qxe2 Rxe2+ 26. Rd2
Rxd2+ 27. Kxd2 f5 28. b4 Rc4 0-1

[Event "Frankfurt Ch 2011"]
[Site "Ffm-Kalbach, LAZ"]
[Date "2011.06.06"]
[Round "6.48"]
[White "Richter, Wolfram"]
[Black "Schmitt, Roland"]
[Result "1-0"]
[WhiteElo "1544"]
[BlackElo "1893"]
[PlyCount "105"]
[EventDate "2011.??.??"]
[WhiteTeam "SK Bad Sooden-Allendorf"]
[BlackTeam "SK Großsachsen"]

1. Nf3 Nf6 2. d3 g6 3. Nbd2 Bg7 4. g3 O-O 5. Bg2 c5 6. e4 Nc6 7. O-O d5 8. Re1
dxe4 9. dxe4 Qc7 10. c3 Bg4 11. Qa4 Bd7 12. Qc2 Na5 13. Nf1 e5 14. Bg5 Nc4 15.
Rad1 h6 16. Bc1 Bc6 17. b3 Nb6 18. N3d2 Nc8 19. Ne3 Nd6 20. Nd5 Bxd5 21. exd5
Nfe8 22. Nf3 e4 23. Nd2 c4 24. bxc4 Nxc4 25. Nxc4 Qxc4 26. Rxe4 Qc5 27. c4 Nd6
28. Be3 Qc8 29. Rh4 g5 30. Bxg5 f5 31. Bxh6 Bf6 32. Bxf8 Kxf8 33. Rh5 Qc5 34.
g4 b5 35. g5 Bg7 36. g6 bxc4 37. Rxf5+ Kg8 38. Qe2 Re8 39. Qh5 Nxf5 40. Qxf5
Re7 41. Rb1 Be5 42. Be4 c3 43. h4 Qd4 44. Qc8+ Kg7 45. Rb7 Bd6 46. Rxe7+ Bxe7
47. Qe6 Bxh4 48. Qf7+ Kh6 49. Qf8+ Kh5 50. g7 c2 51. Qh8+ Kg4 52. g8=Q+ Bg5 53.
Qe6+ 1-0

[Event "Frankfurt Ch 2011"]
[Site "Ffm-Kalbach, LAZ"]
[Date "2011.06.06"]
[Round "6.49"]
[White "Faqiry, Ramat"]
[Black "Reichel, Rolf"]
[Result "1-0"]
[WhiteElo "1977"]
[BlackElo "1991"]
[PlyCount "27"]
[EventDate "2011.??.??"]
[WhiteTeam "SV Oberursel"]
[BlackTeam "Niederräder TG"]

1. d4 d5 2. c4 c6 3. Nc3 Bf5 4. cxd5 Nf6 5. dxc6 Nxc6 6. d5 Ne5 7. e4 Bd7 8. f4
Neg4 9. e5 Qb6 10. Qe2 Nxd5 11. Nxd5 Qa5+ 12. Nc3 Rc8 13. Bd2 Nh6 14. Nf3 1-0

[Event "Frankfurt Ch 2011"]
[Site "Ffm-Kalbach, LAZ"]
[Date "2011.06.06"]
[Round "6.50"]
[White "Knott, Tilo"]
[Black "Krüger, Till"]
[Result "0-1"]
[WhiteElo "1523"]
[BlackElo "2063"]
[PlyCount "42"]
[EventDate "2011.??.??"]
[WhiteTeam "SC Brett vor'm Kopp Ffm"]
[BlackTeam "SC Nidderau"]

1. d4 Nf6 2. Nc3 g6 3. Nf3 d5 4. Bg5 Bg7 5. e3 Nc6 6. Bd3 h6 7. Bf4 Nh5 8. Be5
Nxe5 9. Nxe5 Nf6 10. O-O O-O 11. Ne2 Ng4 12. Nf3 e5 13. dxe5 Nxe5 14. Nfd4 c5
15. f4 Nxd3 16. Qxd3 cxd4 17. exd4 Bf5 18. Qd2 Re8 19. c3 Qd7 20. Ng3 Be4 21.
Rae1 f5 0-1